The phonology of Altay Language: as reflected in the spelling: Phonological facts and Phonetic Explanations, with a Focus on Segmental Reduction in Connected Speech (Record no. 18132)

000 -LEADER
fixed length control field 01100nmm a2200289 a 4500
001 - CONTROL NUMBER
control field ocm0001916898
003 - CONTROL NUMBER IDENTIFIER
control field TR-IsHL
005 - DATE AND TIME OF LATEST TRANSACTION
control field 20201028174448.0
008 - FIXED-LENGTH DATA ELEMENTS--GENERAL INFORMATION
fixed length control field 180919s2018 tu eng
007 - PHYSICAL DESCRIPTION FIXED FIELD--GENERAL INFORMATION
fixed length control field cr cn
035 ## - SYSTEM CONTROL NUMBER
System control number 1916898
-- (N$T)
050 04 - LIBRARY OF CONGRESS CALL NUMBER
Classification number PL21
Item number .U94 2018
090 04 - LOCALLY ASSIGNED LC-TYPE CALL NUMBER (OCLC); LOCAL CALL NUMBER (RLIN)
Classification number (OCLC) (R) ; Classification number, CALL (RLIN) (NR) PL21
Local cutter number (OCLC) ; Book number/undivided call number, CALL (RLIN) .U94 2018
100 1# - MAIN ENTRY--PERSONAL NAME
Personal name Uzel, Bilge
245 10 - TITLE STATEMENT
Title The phonology of Altay Language: as reflected in the spelling: Phonological facts and Phonetic Explanations, with a Focus on Segmental Reduction in Connected Speech
Medium [electronic resource] /
Statement of responsibility, etc. Bilge Uzel
260 ## - PUBLICATION, DISTRIBUTION, ETC.
Place of publication, distribution, etc. İstanbul :
Name of publisher, distributor, etc. Yalın Yayıncılık,
Date of publication, distribution, etc. 2018
300 ## - PHYSICAL DESCRIPTION
Extent 304 p.
500 ## - GENERAL NOTE
General note Kaynakça var.
International Standard Serial Number (SE) [OBSOLETE]
650 #4 - SUBJECT ADDED ENTRY--TOPICAL TERM
Topical term or geographic name entry element Dil ve Edebiyat
650 #4 - SUBJECT ADDED ENTRY--TOPICAL TERM
Topical term or geographic name entry element Language and Literature
650 #0 - SUBJECT ADDED ENTRY--TOPICAL TERM
Topical term or geographic name entry element Ural-Altay dilleri
General subdivision Fonoloji
650 #0 - SUBJECT ADDED ENTRY--TOPICAL TERM
Topical term or geographic name entry element Ural-Altay dilleri
General subdivision Phonology
650 #0 - SUBJECT ADDED ENTRY--TOPICAL TERM
Topical term or geographic name entry element Ural-Altay dilleri
650 #0 - SUBJECT ADDED ENTRY--TOPICAL TERM
Topical term or geographic name entry element Ural-Altaic philology
650 #7 - SUBJECT ADDED ENTRY--TOPICAL TERM
Topical term or geographic name entry element LANGUAGE ARTS & DISCIPLINES / Linguistics / Phonetics & Phonology
Source of heading or term bisacsh
856 40 - ELECTRONIC LOCATION AND ACCESS
Uniform Resource Identifier <a href="http://search.ebscohost.com/login.aspx?direct=true&scope=site&db=e011xww&AN=1916898">http://search.ebscohost.com/login.aspx?direct=true&scope=site&db=e011xww&AN=1916898</a>

No items available.

Devinim Yazılım Eğitim Danışmanlık tarafından Koha'nın orjinal sürümü uyarlanarak geliştirilip kurulmuştur.